000
00279nam a22001217a 4500
041
_a
ENG
100
_a
Rushton .K.R
245
_a
Groundwater Hydrology Canceptual And Computational Models
260
_a
Uk
_b
Wiley
_c
2005
300
_a
416
650
_a
IDE
856
_u
IDE ( 5 )
999
_c
1567
_d
1567